000 05576cam a22019334i 4500
003 PE-LiUPU
005 20250813165904.0
008 150706s2012 sp a rb 001 0 spa d
020 _a9788480869089
035 _a(Sirsi) i9788480869089
040 _aPE-LiUPU
_bspa
_cPE-LiUPU
_dPE-LiUPU
_erda
049 _aPRUA
082 0 4 _a615.1
_bR22
_221
245 0 1 _aRang y Dale, Farmacología /
_cH.P. Rang, M.M. Dale, J.M. Ritter, R.J. Flower, G. Henderson.
250 _aSéptima edición.
264 1 _aBarcelona :
_bElsevier,
_c2012.
300 _a777 páginas :
_bilustraciones ;
_c28 centímetros
336 _atext
_2rdacontent
337 _aunmediated
_2rdamedia
338 _avolume
_2rdacarrier
504 _aBibliografía al final de cada capítulo.
504 _aÍndice: páginas 742-777.
505 0 _a¿Qué es la farmacología? -- Cómo actúan los fármacos: principios generales -- Cómo actúan los fármacos: aspectos moleculares -- Cómo actúan los fármacos: mecanismos celulares (excitación, contracción y secreción) -- Proliferación celular, apoptosis, reparación y regeneración -- Mecanismos celulares: defensa del huésped -- Métodos y mediciones en farmacología -- Medidores químicos -- Fármacos que actúan sobre los sistemas orgánicos principales -- Sistema nervioso -- Fármacos utilizados en el tratamiento de las infecciones, el cáncer y los trastornos inmunológicos -- Temas especiales.
526 _aP203
526 _aP200
526 _aSEG65
526 _aSEG64
526 _aSEG63
526 _aSEG62
526 _aSEG61
526 _aSEG60
526 _aSEG59
526 _aSEG58
526 _aSEG57
526 _aSEG56
526 _aSEG55
526 _aSEG54
526 _aSEG53
526 _aSEG52
526 _aSEG51
526 _aSEG50
526 _aSEG49
526 _aSEG48
526 _aSEG47
526 _aSEG46
526 _aSEG24
526 _aSEG23
526 _aSEG22
526 _aSEG21
526 _aSEG20
526 _aSEG19
526 _aSEG18
526 _aSEG17
526 _aSEG16
526 _aSEG14
526 _aSEG13
526 _aSEG12
526 _aSEG11
526 _aSEG10
526 _aSEG09
526 _aSEG06
526 _aSEG05
526 _aSEG04
526 _aSEG03
526 _aSEG02
526 _aSEG68
526 _aSEG66
526 _aSEG45
526 _aSEG25
526 _aSEG01
526 _aP163
526 _aP162
526 _aP161
526 _aP160
526 _aP159
526 _aP158
526 _aP157
526 _aP156
526 _aP155
526 _aP154
526 _aP153
526 _aP152
526 _aP151
526 _aP150
526 _aP149
526 _aP142
526 _aP141
526 _aP140
526 _aP139
526 _aP138
526 _aP137
526 _aP132
526 _aP131
526 _aP130
526 _aP126
526 _aP125
526 _aP124
526 _aP123
526 _aP115
526 _aP122
526 _aP121
526 _aP116
526 _a P114
526 _aP112
526 _aP111
526 _aP104
526 _aP103
526 _aP102
526 _aP101
526 _aP100
526 _aP96
526 _aP95
526 _aP93
526 _aP92
526 _aP91
526 _aP88
526 _aP83
526 _aP82
526 _aP79
526 _aP78
526 _aP75
526 _aP74
526 _aP71
526 _aP69
526 _a P51
526 _aP49
526 _aP48
526 _aP47
526 _aP33
526 _aP31
526 _a P30
526 _aP29
526 _aP27
526 _aP26
526 _aP25
526 _aP24
526 _a P22
526 _aP10
526 _aP09
526 _a P08
526 _aP06
526 _aP05
526 _aP04
526 _aP01
541 _g001-000073;
541 _g001-000133;
541 _g001-000067;
650 1 4 _aFarmacología.
700 1 _aRang, H. P.,
_eeditor.
700 1 _aDale, M. M.,
_eeditor.
700 1 _aRitter, J.M.,
_eeditor.
700 1 _aFlower, R.J.,
_eeditor.
700 1 _ahenderson, G.,
_eeditor.
910 _agl
_bjv
_cng
_d20121226
942 _2ddc
_cBOOK
949 _a615.1 R22
_wDEWEY
_c1
_i65919
_lCCODEBUL1
_mBUL
_p76.00
_r0
_sY
_tBOOK
_u2015-7-6
_xSALUD
_PP30
_o.STAFF. Colección General
949 _a615.1 R22
_wDEWEY
_c2
_i69645
_lCCODEBUL1
_mBUL
_p111.00
_r0
_sY
_tBOOK
_u2015-7-6
_xSALUD
_PP30
_o.STAFF. Colección General
949 _a615.1 R22
_wDEWEY
_c3
_i69651
_lCCODEBUL1
_mBUL
_p108.00
_r0
_sY
_tBOOK
_u2015-7-6
_xSALUD
_PP30
_o.STAFF. Colección General
994 _aC0
_bPEPRU
596 _a1
999 _a615.1 R22
_wDEWEY
_c54298
_i65919
_d54298
_e2018-11-18
_f2018-2-9
_g2
_lLOST
_mBUL
_n61
_p76.00
_q6
_r0
_sY
_tBOOK
_u2015-7-6
_xSALUD
_PP30
_0COMPRA
_o.STAFF. Colección Ciencias de la Salud
999 _a615.1 R22
_wDEWEY
_c2
_i69645
_d2020-2-6
_e2020-1-10
_f2021-11-4
_g5
_lCCODEBUL1
_mBUL
_n62
_p111.00
_q26
_r0
_sY
_tBOOK
_u2015-7-6
_xSALUD
_PP30
_0COMPRA
_o.STAFF. Colección Ciencias de la Salud
999 _a615.1 R22
_wDEWEY
_c3
_i69651
_d2020-2-3
_e2019-8-18
_f2021-11-4
_g6
_lCCODEBUL1
_mBUL
_n63
_p108.00
_q19
_r0
_sY
_tBOOK
_u2015-7-6
_xSALUD
_PP30
_0COMPRA
_o.STAFF. Colección Ciencias de la Salud
980 _81
_gALBERTO SANCHEZ Responsable de Automatización